Composers By Nationality - Statistics

General Stats
  • This quiz has been taken 99 times
  • The average score is 24 of 26
Answer Stats
Composer Nationality % Correct
Ludwig van Beethoven German
100%
Johann Sebastian Bach German
99%
Antonio Vivaldi Italian
99%
Wolfgang Amadeus Mozart Austrian
98%
Claude Debussy French
98%
Fryderyk Chopin Polish
98%
Pëtr Il'ič Tchaikovsky Russian
98%
Georg Friedrich Händel German/British
96%
Gioachino Rossini Italian
96%
Richard Wagner German
95%
Robert Schumann German
95%
Giuseppe Verdi Italian
94%
Sergej Vasil'evič Rachmaninov Russian/American
94%
Igor' Fëdorovič Stravinskij Russian/French/American
93%
Antonín Dvořák Czech
92%
Richard Strauss German
91%
Jacques Offenbach German/French
91%
Franz Schubert Austrian
88%
Vіktor Stepanovyč Kosenko Russian/Ukrainian
87%
George Gershwin American
86%
Franz Joseph Haydn Austrian
86%
Edward Elgar British
84%
Gustav Mahler Austrian
82%
Béla Bartók Hungarian
81%
Franz Liszt Hungarian
76%
G. W. Marks German
65%
No matching quizzes found
Score Distribution
Percent of People with Each Score
Percentile by Number Answered
Your Score History
You have not taken this quiz